00763nam a2200217 i 450000100060000000300090000600500170001500700030003200800410003510000300007624500760010625000150018226000360019730000340023349000250026770000500029283000330034285200320037599900170040795201210042486575ES-MaACL20230906175458.0t|041214s1983 sp ||||1| spa d1 aKieffer, George H.96800810aBioética / cGeorge H. Kiefer ; versión de Enrique Sánchez-Monge. a[1ª ed.]. a[Madrid] : bAlhambra, c[1983] aVI, 495 p. : bil. ; c24 cm.1 aAlhambra universidad1 aSánchez-Monge y Parellada, Enrique.91027890 aAlhambra universidad9180698 aES-MaACLjL-4941 bR.105485 c86575d86575 00104070aATENEOMbATENEOMcDEPO2d2008-01-17eSCl0oL-4941p1090451r2023-02-23 00:00:00w2023-02-23yMONOGRAFIA